Menino de asas (Record no. 187056)

MARC details
000 -LÍDER
campo de controle de tamanho fixo 00342 a2200169 4500
001 - NÚMERO DE CONTROLE
campo de controle 187056
020 ## - ISBN - INTERNATIONAL STANDARD BOOK NUMBER
ISBN - International Standard Book Number 85-08-01897-5
040 ## - FONTE DA CATALOGAÇÃO
Instituição que transcreveu o registro Magnum
100 ## - ENTRADA PRINCIPAL--NOME PESSOAL
Nome pessoal Leão, Jayme
240 10 - TÍTULO UNIFORME
Título uniforme Menino de asas
Idioma da obra por
245 10 - TÍTULO
Título Menino de asas
300 ## - DESCRIÇÃO FÍSICA
Extensão 79
362 0# - DATAS DE PUBLICAÇÃO E/OU DESIGNAÇÃO SEQUENCIAL
Datas de publicação e/ou designação sequencial 2006
440 #1 - DECLARAÇÃO DE SÉRIE/ENTRADA ADICIONADA--TÍTULO
Título Ática
697 ## - ENTRADA DE ASSUNTO LOCAL--ENTIDADE COLETIVA (RLIN)
Nome corporativo ou nome da jurisdição LITERATURA JUVENIL
942 ## - ELEMENTOS DE ENTRADA ADICIONADOS (KOHA)
Tipo de material Koha Livros
Holdings
Situação do descarte Situação das perdas Situação física Não pode ser emprestado Biblioteca de origem Biblioteca atual Data de aquisição Total de empréstimos Número de chamada completo Código de barras Data de último acesso Data do preço efetivo Tipo de material Koha
        Magnum Magnum 08/06/2024   869.3.219 MAG00056393 08/06/2024 08/06/2024 Livros
        Magnum Magnum 08/06/2024   869.3.219 MAG00056394 08/06/2024 08/06/2024 Livros
        Magnum Magnum 08/06/2024   869.3.219 MAG00056395 08/06/2024 08/06/2024 Livros
        Magnum Magnum 08/06/2024   869.3.219 MAG00056396 08/06/2024 08/06/2024 Livros
        Magnum Magnum 08/06/2024   869.3.219 MAG00056397 08/06/2024 08/06/2024 Livros
        Magnum Magnum 08/06/2024   869.3.219 MAG00056398 08/06/2024 08/06/2024 Livros
        Magnum Magnum 08/06/2024   869.3.219 MAG00056399 08/06/2024 08/06/2024 Livros
        Magnum Magnum 08/06/2024   869.3.219 MAG00056400 08/06/2024 08/06/2024 Livros